L'économie planifiée / (Registro nro. 7818)

Detalles MARC
000 -LEADER
fixed length control field 01052nam a2200289Ia 4500
003 - CONTROL NUMBER IDENTIFIER
control field OSt
005 - DATE AND TIME OF LATEST TRANSACTION
control field 20210430160854.0
008 - FIXED-LENGTH DATA ELEMENTS--GENERAL INFORMATION
fixed length control field 210310s1980 fr fr 000 0 fre d
020 ## - INTERNATIONAL STANDARD BOOK NUMBER
International Standard Book Number 2130366015
040 ## - CATALOGING SOURCE
Original cataloging agency CO-JMCR
Transcribing agency CO-JMCR
041 0# - LANGUAGE CODE
Language code of text/sound track or separate title fre
082 04 - DEWEY DECIMAL CLASSIFICATION NUMBER
Classification number 335 /
Item number C315e
Edition number 23
100 1# - MAIN ENTRY--PERSONAL NAME
Personal name Chambre, Henri,
9 (RLIN) 15540
Relator term autor
245 10 - TITLE STATEMENT
Title L'économie planifiée /
Statement of responsibility, etc. Henri Chambre
250 ## - EDITION STATEMENT
Edition statement Quinta edición
260 ## - PUBLICATION, DISTRIBUTION, ETC.
Place of publication, distribution, etc. Paris :
Name of publisher, distributor, etc. Presses Universitaires de France,
Date of publication, distribution, etc. 1980
300 ## - PHYSICAL DESCRIPTION
Extent 127 páginas ;
Dimensions 18 cm.
490 0# - SERIES STATEMENT
Series statement Que sais-je? ;
Volume/sequential designation 329
500 ## - GENERAL NOTE
General note Incluye notas a pie de página.
504 ## - BIBLIOGRAPHY, ETC. NOTE
Bibliography, etc. note Bibliografía: página 125
505 0# - FORMATTED CONTENTS NOTE
Formatted contents note Plans économiques et institutions -- Le contenu des plans -- Méthodes et techniques de la planification -- Les économies d´Europe prientale -- Yougoslavie et Chine -- La nouvelle réforme soviétique
650 14 - SUBJECT ADDED ENTRY--TOPICAL TERM
Topical term or geographic name entry element Política económica
9 (RLIN) 15542
650 24 - SUBJECT ADDED ENTRY--TOPICAL TERM
Topical term or geographic name entry element Economía planificada
9 (RLIN) 6260
650 24 - SUBJECT ADDED ENTRY--TOPICAL TERM
Topical term or geographic name entry element Economía controlada
9 (RLIN) 37309
650 24 - SUBJECT ADDED ENTRY--TOPICAL TERM
Topical term or geographic name entry element Planes económicos
9 (RLIN) 37310
942 ## - ADDED ENTRY ELEMENTS (KOHA)
Source of classification or shelving scheme Dewey Decimal Classification
Koha item type Books
Existencias
Withdrawn status Lost status Source of classification or shelving scheme Damaged status Not for loan Collection code Home library Current library Date acquired Source of acquisition Full call number Barcode Date last seen Copy number Koha item type
    Dewey Decimal Classification     Non-fiction Biblioteca Pública José María del Castillo y Rada Biblioteca Pública José María del Castillo y Rada 04/15/2018 Donación 335 / C315e 430003747 05/16/2024 Ej.1 Books